Teoría y realidad
Tratamiento sobre el problema de la teorización contemporánea de la ciencia, entendida principalmente como la producción de modelos matemáticos que explican alguna pequeña parte de la realidad. En consecuencia, los temas sobre los que se ocupa este libro son los diferentes conceptos de “modelo”, los...
সংরক্ষণ করুন:
| প্রধান লেখক: | |
|---|---|
| বিন্যাস: | গ্রন্থ |
| ভাষা: | Undetermined |
| প্রকাশিত: |
Barcelona, España
Ariel
1972
|
| বিষয়গুলি: | |
| ট্যাগগুলো: |
ট্যাগ যুক্ত করুন
কোনো ট্যাগ নেই, প্রথমজন হিসাবে ট্যাগ করুন!
|
MARC
| LEADER | 00000nam a2200000Ia 4500 | ||
|---|---|---|---|
| 008 | 170316s9999 xx 000 0 und d | ||
| 040 | |a cru BVZT | ||
| 090 | |a 100 B-67t | ||
| 100 | |a Bunge, Mario |9 1561 | ||
| 245 | |a Teoría y realidad | ||
| 260 | |a Barcelona, España |b Ariel |c 1972 | ||
| 300 | |a 301 páginas | ||
| 520 | |a Tratamiento sobre el problema de la teorización contemporánea de la ciencia, entendida principalmente como la producción de modelos matemáticos que explican alguna pequeña parte de la realidad. En consecuencia, los temas sobre los que se ocupa este libro son los diferentes conceptos de “modelo”, los modelos en la ciencia teórica, las teorías fenomenológicas, la maduración de la ciencia, la relación entre la teoría y la experiencia | ||
| 650 | |a FILOSOFÍA |9 5 | ||
| 999 | |c 15795 |d 15795 | ||
| 942 | |c 15 D |h 100 B-67t |2 z | ||
